Portraits of Roman emperors - Statistics

General Stats
  • This quiz has been taken 1,181 times
  • The average score is 12 of 20
Answer Stats
Picture Answer % Correct
Nero
91%
Augustus
90%
Claudius
75%
Constantine I
75%
Marcus Aurelius
74%
Hadrian
71%
Trajan
70%
Caligula
66%
Commodus
65%
Caracalla
58%
Vespasian
58%
Tiberius
53%
Antoninus Pius
49%
Elagabalus
47%
Titus
47%
Nerva
46%
Septimius Severus
46%
Domitian
40%
Lucius Verus
40%
Geta
35%
No matching quizzes found
Score Distribution
Percent of People with Each Score
Percentile by Number Answered
Your Score History
You have not taken this quiz